[Event "ESP-chT Div Honor 2018"]
[Site "Linares"]
[Date "2018.08.09"]
[Round "4"]
[White "Ramiro Ovejero, Juan Luis"]
[Black "Cuenca Jimenez, Jose Fernando"]
[Result "1/2-1/2"]
[WhiteElo "2382"]
[BlackElo "2506"]
[Annotator "TA"]
[PlyCount "102"]
[EventDate "2018.08.06"]
[EventType "team-tourn"]
[EventCountry "ESP"]
[SourceTitle "playchess.com"]
[Source "ChessBase"]
[SourceQuality "1"]

{[%evp 25,102,0,6,-16,-16,-16,-15,-16,-18,-18,-21,-29,-36,-37,-25,-33,-26,-19,-25,-25,-19,-29,-29,-33,0,0,0,0,0,-63,-31,-36,0,0,0,-28,0,-37,-18,-18,-17,-20,-19,-23,-22,-26,0,0,0,-37,-37,-22,-6,-7,0,-8,0,0,0,-8,-8,-8,-8,-8,-8,-8,-8,-8,-8,-8,-8,-8,-8,-8,-8,-348,-348,-348,-8]} 1. e4 e5 2. Nf3 Nc6 3. Bc4 Bc5 4. d3 Nf6 5. Nc3 h6 6. Ne2 O-O 7. Ng3 d6 8. c3 a6 9. Bb3 Ba7 10. O-O Re8 {C54: Giuoco Piano: 4 c3 Nf6, main lines with 5 d4 and 5 d3} 11. Re1 Be6 12. Bxe6 Rxe6 13. d4 d5 {[#] LiveBook: 5 Games} 14. exd5 $146 ({Predecessor:} 14. Nxe5 Nxe5 15. dxe5 Nxe4 16. Nxe4 dxe4 17. Qh5 g6 18. Qxh6 Rxe5 {½-½ (36) Kramnik,V (2808)-So,W (2812) Leuven 2017}) 14... Qxd5 {[%cal Re5d4]} 15. dxe5 Qxd1 16. Rxd1 Ng4 17. Nd4 {And now h3 would win.} Rd8 {[%cal Rc6d4]} 18. Be3 Nxe3 19. fxe3 Rxe5 20. Nxc6 $1 Rxd1+ 21. Rxd1 Bxe3+ 22. Kf1 bxc6 $11 {[%mdl 4096] Endgame KRB-KRN} 23. Rd8+ $1 Kh7 24. Rd7 Kg6 25. Rxc7 Re6 26. Ne2 c5 27. b4 (27. Rd7 $11) 27... cxb4 28. cxb4 f6 (28... Bd2 {feels hotter.} 29. g3 Rf6+ 30. Kg2 Be3 31. Kh3 Rf2) 29. Rc4 Rd6 {[%cal Rd6d1]} 30. Ke1 (30. g3 {is interesting.} Kf5 31. g4+ Ke5 32. Ng3 Bb6 33. Nf5) 30... h5 31. Rc2 h4 32. h3 Kf5 33. Nc3 g5 34. Ke2 Bd4 35. a4 Ke5 36. b5 f5 37. Nb1 axb5 38. axb5 g4 39. Nd2 Kd5 40. Rc6 Rd8 41. hxg4 fxg4 42. Rg6 Re8+ 43. Kd1 $132 {[%mdl 2048] White is fighting back} h3 44. gxh3 gxh3 {Strongly threatening ...h2.} 45. Rh6 Rh8 46. Rxh8 Bxh8 {KB-KN} 47. Nf3 Bd4 48. Ke2 Kc5 49. Kf1 Be3 {[#]} 50. Ng5 $1 {[%mdl 8704]} Bxg5 $19 51. Kg1 {[#]} Kxb5 $2 {Precision: White = 59%, Black = 57%.} ({Better is} 51... Bf4 $1 $19 52. Kh1 Be5) 1/2-1/2

[Event "ESP-chT Div Honor 2018"]
[Site "Linares"]
[Date "2018.08.09"]
[Round "4"]
[White "Gines Esteo, Pedro Antonio"]
[Black "Suarez Garcia, Carlos"]
[Result "0-1"]
[WhiteElo "2336"]
[BlackElo "2468"]
[Annotator "TA"]
[PlyCount "87"]
[EventDate "2018.08.06"]
[EventType "team-tourn"]
[EventCountry "ESP"]
[SourceTitle "playchess.com"]
[Source "ChessBase"]
[SourceQuality "1"]

{[%evp 11,87,8,11,-10,-6,-43,1,-23,-4,-4,0,0,0,0,0,0,0,-35,-45,-35,-45,-31,-21,-22,-27,-20,-22,-26,-32,-33,-32,-55,-18,-108,-100,-109,-102,-100,-99,-106,-100,-108,-109,-144,-124,-131,-134,-134,-143,-149,-77,-107,-60,-66,-72,-196,-110,-184,-190,-554,-555,-533,-537,-972,-967,-954,-960,-960,-954,-932,-909,-858,-868,-2064,-1962,-1510,-1483,-29993]} 1. d4 d5 2. Nf3 c6 3. e3 Bg4 4. c4 e6 5. Nc3 Nd7 6. Qb3 {D02: 1 d4 d5 2 Nf3 sidelines, including 2...Nf6 3 g3 and 2...Nf6 3 Bf4} (6. h3 Bh5 7. Bd2 Ngf6 8. Rc1 Ne4 9. Be2 Nxd2 10. Nxd2 Bg6 11. O-O Bd6 12. Qb3 Qb6 13. f4 Qxb3 14. Nxb3 dxc4 15. Na5 {½-½ (15) Ortiz Suarez,I (2543)-Gonzalez Torres,D (2627) Bogota 2010}) 6... Qb6 {LiveBook: 8 Games} 7. Qxb6 axb6 8. h3 $146 {The position is equal.} ({Predecessor:} 8. Bd3 Ngf6 9. O-O dxc4 10. Bxc4 b5 11. Bd3 b4 12. Ne4 Nxe4 13. Bxe4 {½-½ (30) Delander,A-Mohrlok,D Kiel 1967}) 8... Bh5 9. g4 Bg6 10. Nh4 Be7 11. Nxg6 hxg6 12. Bd2 Ngf6 13. cxd5 exd5 14. g5 Ne4 15. Nxe4 dxe4 16. Rg1 Rh5 17. Rg4 Rxg5 18. Rxe4 Nf6 $36 {[%mdl 2048] Black has the initiative.} 19. Re5 Rxe5 20. dxe5 Nd7 21. Bc3 Nc5 22. b3 (22. a3 $11) 22... Ne4 $17 23. Bd4 Bb4+ $1 24. Ke2 Bc3 25. Bxc3 Nxc3+ {[%mdl 4096] Endgame KRB-KRN} 26. Kd3 Nxa2 27. Kc4 Ra5 28. h4 Rc5+ 29. Kd4 Rd5+ 30. Ke4 Rd2 ({Black should play} 30... Nc3+ 31. Kf4 Ra5 32. Rxa5 bxa5) 31. f4 Ke7 32. Bh3 b5 33. Bc8 (33. Kf3 $17 {was necessary.}) 33... b6 ({Black should try} 33... Kd8 $1 $19 {[%cal Rd8c8]} 34. Bh3 Rh2) 34. Rg1 (34. Kf3 $17) 34... c5 $1 $19 {[%cal Bc6c5,Bc5c4][%mdl 32]} 35. h5 $2 {[#]} (35. Ba6) 35... c4 $1 {Black is clearly winning.} 36. bxc4 bxc4 37. hxg6 {[#]} c3 $1 38. f5 c2 39. f6+ gxf6 40. g7 Rd8 41. Bf5 Rg8 42. Rf1 fxe5 43. Kxe5 c1=Q 44. Kd4 {Precision: White = 39%, Black = 85%.} 0-1

[Event "ESP-chT Div Honor 2018"]
[Site "Linares"]
[Date "2018.08.10"]
[Round "5"]
[White "Navara, David"]
[Black "Kryvoruchko, Yuriy"]
[Result "1-0"]
[WhiteElo "2741"]
[BlackElo "2711"]
[Annotator "TA"]
[PlyCount "177"]
[EventDate "2018.08.06"]
[EventType "team-tourn"]
[EventCountry "ESP"]
[SourceTitle "playchess.com"]
[Source "ChessBase"]
[SourceQuality "1"]

{[%evp 22,177,4,8,-7,-10,-10,-33,0,0,0,0,0,0,0,0,-11,-5,-1,-18,-16,-7,0,0,69,76,69,95,97,93,74,87,70,71,102,102,96,102,95,105,103,0,0,0,-10,-11,124,73,87,-11,0,0,88,41,35,53,194,189,186,202,210,204,193,204,202,194,202,136,142,140,137,134,214,141,145,141,141,138,138,138,141,141,141,141,146,126,127,133,131,0,125,125,125,121,125,119,140,122,197,167,215,220,279,266,286,278,281,256,370,369,383,382,380,372,322,275,266,268,260,219,226,210,237,218,261,216,268,268,289,235,277,283,268,268,261,261,261,261,261,261,261,261,261,261,261,261,261,254,251,228,364,364,519,486,827,803,854,850]} 1. d4 Nf6 2. c4 e6 3. Nc3 Bb4 4. Nf3 b6 5. e3 Bb7 6. Bd3 O-O 7. O-O d5 8. cxd5 exd5 9. Ne5 Nbd7 10. f4 c5 11. Ne2 {E52: Nimzo-Indian: Rubinstein: 4...0-0 5 Nf3 d5 6 Bd3 b6} c4 (11... cxd4 12. exd4 Bd6 13. Ng3 Ne4 14. Nf5 Ndf6 15. Qf3 Bc7 16. Be3 Nd6 17. Rac1 Nfe4 18. Nxd6 Bxd6 {½-½ (51) Navara,D (2741)-Georgiadis,N (2526) Biel 2018}) 12. Bc2 {LiveBook: 5 Games} Ne8 13. Rf3 $146 {The position is equal.} ({Predecessor:} 13. b3 cxb3 14. axb3 a5 15. Ng3 g6 16. Bd3 Nd6 17. Qg4 f5 18. Qe2 Qe7 {0-1 (64) Willmann,B (2053)-Morcin,T (2098) LSS email 2014}) 13... Ndf6 14. Nc3 Bc8 15. Nc6 Qd6 16. Nxb4 Qxb4 17. h3 Bb7 18. Bd2 {[%cal Bc1d2,Bd2e1,Be1g3,Bg3e5,Be5f4][%mdl 32]} Qe7 19. Be1 Qd7 20. f5 b5 21. Bg3 Bc6 22. Be5 Ne4 (22... h6 $11) 23. f6 $1 $14 gxf6 24. Bf4 Kh8 25. Bxe4 $1 dxe4 26. Rg3 b4 27. Ne2 Ng7 28. Bh6 Nf5 29. Bxf8 Rxf8 30. Qf1 Qe6 31. Rc1 ({Better is} 31. Qf4 $1 $16) 31... Bb5 $11 32. Qf2 {Hoping for Nf4.} c3 $1 $36 {[%mdl 2048] White is under pressure.} 33. Rg4 $1 Nh6 (33... Bxe2 $11 {remains equal.} 34. Qxe2 Qxa2) 34. Rh4 $1 $16 Nf5 35. Rg4 (35. bxc3 $16 {Nf4 is the strong threat.} Nxh4 36. Nf4 Nf3+ 37. gxf3) 35... Nh6 36. Rh4 ({White should play} 36. Nf4 $11 Nxg4 37. hxg4 Qxg4 38. bxc3) 36... Nf5 $1 {Strongly threatening ...Bxe2.} (36... cxb2 $6 37. Rxh6 bxc1=N 38. Nxc1 $14) 37. d5 Qxd5 38. Rh5 cxb2 (38... Bxe2 $1 $14 39. Qxf5 Qxf5 40. Rxf5 Rc8 41. bxc3 bxc3) 39. Rb1 $1 $18 Bxe2 ({Stronger than} 39... Qxa2 40. Qxf5 Qxb1+ 41. Kh2 Qh1+ 42. Kxh1 b1=Q+ 43. Kh2 Qg1+ 44. Kxg1 h6 45. Rxh6+ Kg8 46. Qh7#) 40. Qxf5 Qxf5 41. Rxf5 {[%mdl 4096] Endgame KRR-KRB} Bd3 42. Rxb2 Kg7 43. Ra5 a6 44. Ra4 Rc8 45. Raxb4 ({Reject} 45. Rbxb4 $6 Rc2 $11) 45... Rc1+ 46. Kf2 Rf1+ 47. Kg3 Re1 48. Rb6 f5 {[#]} 49. Kf4 $1 Rf1+ 50. Ke5 f4 51. Kd4 ({Wrong is} 51. exf4 $2 e3 $19) 51... fxe3 52. Kxe3 Re1+ 53. Kd4 Bb5 54. Rb3 Bd3 55. Rb2 Bb5 $1 {[#]} 56. a4 $1 {[%cal Ra4b5]} Bd3 57. Ra2 Rd1 {aiming for ...Bb1+.} 58. Rbb2 Kg6 59. Rf2 Kg7 (59... h5 $16 60. Rab2 f5 61. Rb6+ Kg5) 60. a5 Rc1 61. Rf5 Rc4+ 62. Ke3 Rb4 63. Raf2 Rb7 64. R2f4 Bb1 (64... h6 {was necessary.} 65. Rg4+ Kf8) 65. Rf6 Bd3 66. Rb6 Rc7 67. Rg4+ Kf8 68. Rh6 Rc5 69. Rxh7 Rxa5 70. Rf4 Bc4 71. Rxe4 Be6 72. Rh6 Ra2 73. g3 {[%cal Bg2g3,Bg3g4][%mdl 32]} Bf5 74. Re5 Bg6 75. Rh8+ Kg7 76. Rd8 Kf6 77. Red5 Bf5 78. g4 Be6 79. Rd2 Ra1 80. Rd1 Ra2 81. R8d2 Ra3+ 82. Rd3 Ra2 83. Kf4 a5 84. Re3 a4 85. Rd6 Ke7 (85... Kg7 $142 86. Ra6 Bb3) 86. Ra6 Kd7 (86... Kf6 $142 87. Re4 Ra3) 87. h4 {[%cal Bh3h4,Bh4h5][%mdl 32] White is clearly winning.} Bb3 (87... Rg2 $142 88. Rg3 Rh2) 88. h5 Rh2 89. Kg5 {Precision: White = 84%, Black = 57%.} 1-0

[Event "ESP-chT Div Honor 2018"]
[Site "Linares"]
[Date "2018.08.10"]
[Round "5"]
[White "Navara, David"]
[Black "Kryvoruchko, Yuriy"]
[Result "*"]
[WhiteElo "2741"]
[BlackElo "2711"]
[Annotator "TA"]
[PlyCount "36"]
[EventDate "2018.08.06"]
[EventType "team-tourn"]
[EventCountry "ESP"]
[SourceTitle "playchess.com"]
[Source "ChessBase"]
[SourceQuality "1"]

{[%evp 22,24,9,4,14]} 1. d4 Nf6 2. c4 e6 3. Nc3 Bb4 4. Nf3 b6 5. e3 Bb7 6. Bd3 O-O 7. O-O d5 8. cxd5 exd5 9. Ne5 Nbd7 10. f4 c5 11. Ne2 {E52: Nimzoindisch (Moderne Variante)} c4 (11... cxd4 12. exd4 Bd6 13. Ng3 Ne4 14. Nf5 Ndf6 15. Qf3 Bc7 16. Be3 Nd6 17. Rac1 Nfe4 18. Nxd6 Bxd6 {½-½ (51) Navara,D (2741)-Georgiadis,N (2526) Biel 2018}) 12. Bc2 {LiveBook: 5 Partien} Ne8 {Vorgänger:} 13. b3 $146 cxb3 14. axb3 a5 15. Ng3 g6 16. Bd3 Nd6 17. Qg4 f5 18. Qe2 Qe7 {0-1 (64) Willmann,B (2053)-Morcin,T (2098) LSS email 2014} *

[Event "ESP-chT Div Honor 2018"]
[Site "Linares"]
[Date "2018.08.10"]
[Round "5"]
[White "Saric, Ivan"]
[Black "Ponomariov, Ruslan"]
[Result "1/2-1/2"]
[WhiteElo "2690"]
[BlackElo "2686"]
[Annotator "TA"]
[PlyCount "63"]
[EventDate "2018.08.06"]
[EventType "team-tourn"]
[EventCountry "ESP"]
[SourceTitle "playchess.com"]
[Source "ChessBase"]
[SourceQuality "1"]

{[%evp 18,63,0,0,0,0,0,0,4,7,26,10,32,30,31,33,38,43,37,23,25,0,0,-25,0,0,0,0,0,0,0,0,0,0,0,-2,-1,-5,-8,-3,0,0,0,0,0,0,0,0]} 1. e4 e5 2. Nf3 Nc6 3. Bb5 {[%cal Bf1b5,Bb5a4,Ba4b3][%mdl 32]} Nf6 4. d3 Bd6 5. Nbd2 (5. c3 O-O 6. O-O Re8 7. Nbd2 a6 8. Ba4 b5 9. Bc2 Bf8 10. Re1 d5 11. a4 Bb7 12. h3 h6 13. exd5 Qxd5 {1-0 (27) Nakamura,H (2787)-Aronian,L (2792) Zuerich 2016 CBM 171 [CB]}) 5... a6 6. Ba4 {C65: Ruy Lopez: Berlin Defence (3...Nf6), unusual lines and 4 0-0 Bc5} b5 7. Bb3 O-O 8. Nf1 Na5 9. Ng3 Re8 10. O-O {LiveBook: 3 Games} Bf8 $146 ({Predecessor:} 10... Bb7 11. c3 Nxb3 12. Qxb3 h6 13. a4 {½-½ (27) Lisowski,K (2137)-Zylka,S (2213) Jastrzebia Gora 2015}) 11. d4 Nxb3 12. axb3 Bb7 13. Bg5 Be7 14. Re1 h6 15. Bxf6 Bxf6 16. dxe5 Bxe5 17. Nxe5 Rxe5 18. Qd4 d6 19. f4 Re6 20. Rad1 Qh4 21. Qc3 {The position is equal.} Qxf4 {[%cal Rb7e4]} 22. Rf1 Qg5 23. Qxc7 Re7 24. Qxd6 Bxe4 25. Rde1 Rae8 26. Rxe4 Rxe4 27. Nxe4 Rxe4 28. Qxa6 $11 {[#] Threatens to win with Qa8+. KQR-KQR} Re2 {[%csl Ge2][%cal Rg5g2]} 29. Qc8+ $1 Kh7 {[%csl Ge2][%cal Rg5g2]} 30. Qf5+ Qxf5 31. Rxf5 Rxc2 32. Rxb5 {Precision: White = 80%, Black = 55%.} 1/2-1/2

[Event "ESP-chT Div Honor 2018"]
[Site "Linares"]
[Date "2018.08.10"]
[Round "5"]
[White "Adhiban, B."]
[Black "Antipov, Mikhail Al"]
[Result "0-1"]
[WhiteElo "2671"]
[BlackElo "2598"]
[Annotator "TA"]
[PlyCount "92"]
[EventDate "2018.08.06"]
[EventType "team-tourn"]
[EventCountry "ESP"]
[SourceTitle "playchess.com"]
[Source "ChessBase"]
[SourceQuality "1"]

{[%evp 14,92,16,10,28,6,75,10,8,-12,14,14,6,6,21,20,35,19,37,8,9,10,6,3,26,0,21,24,14,0,38,-8,0,0,30,-16,-12,-14,-19,-41,0,0,0,0,0,0,0,0,0,0,0,-282,-264,-221,-92,-106,-119,-462,-184,-460,-444,-546,-572,-485,-454,-563,-555,-779,-779,-752,-734,-5065,-4682,-4231,-4133,-4133,-4133,-3318,-3119,-2076,-1897]} 1. d4 Nf6 2. c4 c6 3. Nc3 d5 4. e3 a6 5. Nf3 Bf5 6. cxd5 {D15: Slav Defence: 4 Nc3 a6 and gambit lines after 4 Nc3 dxc4} (6. Qb3 b5 7. c5 a5 8. Be2 g6 9. O-O Bg7 10. Bd2 O-O 11. a3 Nbd7 12. Rfc1 Ne4 13. Qd1 Nxd2 14. Qxd2 {½-½ (56) Mamedyarov,S (2799)-Andreikin,D (2712) Huaian 2017}) 6... cxd5 7. Ne5 Nc6 8. Be2 {LiveBook: 5 Games. The position is equal.} Rc8 9. Qb3 $146 ({Predecessor:} 9. Bd3 Bxd3 10. Qxd3 e6 11. Nxc6 Rxc6 12. Bd2 Bd6 13. O-O O-O 14. Rfc1 Qc7 15. h3 {0-1 (114) Krishna Teja,N (2268)-Kollars,D (2491) Khanty-Mansiysk 2016}) 9... Rc7 (9... Qc7 $1 $11) 10. Bd2 (10. Nxc6 $16 bxc6 11. Bd2 (11. Bxa6 Ra7 $11)) 10... e6 $11 11. f4 Ne4 12. Nxe4 Bxe4 13. O-O Nxe5 14. fxe5 Bc2 15. Qb6 {Hoping for Ba5.} Qd7 $1 16. Rac1 {Black must now prevent Bh5.} Be7 17. Bc3 Rc6 18. Qa5 Be4 19. Bb4 {Threatens to win with Bxe7.} Bg5 20. Qa3 f5 21. Bd2 Be7 22. Bb4 Bg5 23. Bd2 Be7 24. Bb4 Bxb4 25. Qxb4 Kf7 26. Rc5 Rhc8 {And now ...Qe7 would win.} 27. Rfc1 Qe7 28. g3 b6 {[%cal Bb7b6,Bb6b5][%mdl 32]} 29. Rxc6 {Threatening mate with Qxe7+.} Qxb4 30. Rxc8 Kg6 $1 31. Kf2 Qxb2 32. R1c3 $2 {[%mdl 8192] [#]} (32. R8c6 $11 {and White stays safe.}) 32... b5 $1 $19 ({And not} 32... Qxa2 33. R8c6 $11) 33. Ke1 h6 ({Resist} 33... Qxa2 34. R3c6 $17) (33... f4 $19 34. gxf4 Qxa2) 34. R3c7 {Rg8 is the strong threat.} Qa1+ 35. Kf2 $2 {[%mdl 8192]} (35. Rc1 $17 Qxa2 36. R8c6) 35... Kh7 $2 $40 {[%mdl 128] Black is out for blood.} (35... Qh1 36. Rg8 Qxh2+ 37. Ke1 Qxg3+ 38. Kd2 Kh7 39. Rcxg7+ Qxg7 40. Rxg7+ Kxg7) 36. Re8 $2 (36. Rf8 Qh1 37. h4) 36... Qh1 {Black is clearly winning.} 37. Ree7 Qxh2+ 38. Ke1 Qxg3+ 39. Kd1 b4 40. Ra7 a5 {[%cal Ba6a5,Ba5a4,Ba4a3][%mdl 32]} 41. Kd2 {[#]} a4 $1 42. Rxg7+ (42. Rxa4 f4) 42... Qxg7 43. Rxg7+ Kxg7 44. Bh5 a3 45. Kc1 Bd3 46. Be8 Be2 {Precision: White = 40%, Black = 61%.} 0-1

[Event "ESP-chT Div Honor 2018"]
[Site "Linares"]
[Date "2018.08.10"]
[Round "5"]
[White "Jones, Gawain C B"]
[Black "Volkov, Sergey"]
[Result "1/2-1/2"]
[WhiteElo "2666"]
[BlackElo "2557"]
[Annotator "TA"]
[PlyCount "171"]
[EventDate "2018.08.06"]
[EventType "team-tourn"]
[EventCountry "ESP"]
[SourceTitle "playchess.com"]
[Source "ChessBase"]
[SourceQuality "1"]

{[%evp 33,171,32,51,29,36,31,31,26,37,29,34,25,20,23,57,65,70,20,28,34,39,44,58,57,57,54,56,58,54,54,60,66,72,74,77,77,77,75,80,81,87,79,87,80,81,71,74,74,75,66,72,66,66,66,66,37,51,0,0,0,51,37,40,41,51,35,38,17,17,17,17,17,51,17,17,20,51,17,17,17,17,16,16,16,16,16,17,17,17,16,16,16,16,0,16,16,16,16,16,16,16,16,16,16,16,16,16,16,16,16,16,16,16,16,16,16,16,16,16,0,0,0,0,0,0,0,0,0,0,0,0,0,0,0,0,0,0,0,0,0]} 1. e4 e6 2. d4 d5 3. Nd2 Nf6 4. e5 Nfd7 5. Bd3 c5 6. c3 Nc6 7. Ne2 cxd4 8. cxd4 f6 9. exf6 Nxf6 10. O-O Bd6 11. Nf3 O-O 12. Bf4 Bxf4 13. Nxf4 Ng4 14. Qd2 Qf6 {C06: French Tarrasch: 3...Nf6 4 e5 Nfd7 5 Bd3 main lines} 15. Ne2 (15. Nh5 Qh6 16. Qxh6 Nxh6 17. Rac1 Nf5 18. Bxf5 Rxf5 19. Ng3 Rf7 20. Rfe1 Bd7 21. b4 a6 22. a4 {½-½ (38) Akopian,V (2655)-Sadler,M (2653) Tromsoe 2014}) 15... e5 16. dxe5 Ngxe5 17. Nxe5 Qxe5 {LiveBook: 4 Games} 18. Rae1 Be6 19. Bb5 $146 ({Predecessor:} 19. Ng3 Qf6 20. Nh5 {0-1 (38) Santillan,C-Movsisyan,M (2280) Stillwater 2007}) 19... Qd6 20. Nd4 Bd7 21. Nb3 Rad8 22. Bxc6 bxc6 23. Qd4 Rf4 24. Qxa7 Rh4 {[%csl Gh4][%cal Rd6h2] [#]} 25. g3 (25. f4 $5) 25... Rc4 26. Re2 c5 27. Rfe1 d4 28. Na5 Ra4 {White must now prevent ...d3.} 29. b3 Ra3 $1 30. Nb7 Rxa7 31. Nxd6 Bc6 32. Nc4 Bb5 {[#]} 33. Rc1 $1 Rda8 34. a4 Bxc4 35. Rxc4 $16 {[%mdl 4096] Endgame KRR-KRR} Rb8 36. Rb2 Rab7 37. Rxc5 {Threatens to win with Rd2.} Rxb3 38. Rd2 d3 39. Rd5 Ra8 40. Ra2 Kf7 41. Kg2 Ke6 42. Rd4 Ra5 43. Ra1 h5 44. Kf1 g5 45. Rd8 (45. Re1+ $14 Kf6 46. Re3) 45... Ke7 $11 46. Rd4 (46. Rh8 $11) 46... Ke6 $14 47. h3 Ke5 48. Rd8 Kf5 49. Re1 Rxa4 50. Rf8+ Kg6 51. Re6+ Kg7 52. Rd8 Ra7 53. Re5 Kf6 54. Red5 Rf7 55. Rg8 g4 {The position is equal.} 56. hxg4 Ke6 $1 {[%cal Re6d5]} 57. Rgg5 ({Wrong is} 57. Rxh5 $2 Rb1+ 58. Kg2 d2 $19) (57. Rd4 {feels hotter.} Ke5 58. Rdd8 hxg4 59. Rge8+ Kf6 60. Rd4) 57... hxg4 58. Rge5+ Kf6 59. Re4 Rg7 60. Kg2 Ra3 61. Red4 Ke6 62. Rd6+ Ke5 63. R4d5+ Ke4 64. Rd8 Rg8 65. Rd4+ Ke5 66. R8d5+ (66. Rxd3 {is more complex.} Rxd8 67. Rxd8 Ra6 68. Rd1 Kf5 69. Rd5+) 66... Ke6 67. Rxd3 (67. Rd6+ {with more complications.} Ke5 68. R4d5+ Ke4 69. Rd7 Rf8 70. Rd4+) 67... Rxd3 68. Rxd3 $11 {KR-KR} Kf5 69. Rd5+ Kg6 70. Rd4 Kg5 71. Kf1 Re8 72. Rd5+ Kg6 73. Ra5 Kf6 74. Ra6+ Kf5 75. Ra2 (75. Rc6 {seems wilder.} Kg5 76. Rc5+ Kf6 77. Ra5 Kg6 78. Rd5) 75... Re7 76. Re2 Rxe2 77. Kxe2 {KPP-KP} Ke6 78. Kd2 $1 {[%cal Rd2e2] Ke2 is the strong threat.} Kd6 $1 79. Kc2 Ke6 80. Kd1 Kd5 81. Ke1 {And now Kd1 would win.} Ke5 $1 82. Kf1 Kf5 83. Kg1 Kg5 84. Kg2 Kg6 85. f3 gxf3+ 86. Kxf3 {Precision: White = 59%, Black = 85%.} 1/2-1/2

[Event "ESP-chT Div Honor 2018"]
[Site "Linares"]
[Date "2018.08.10"]
[Round "5"]
[White "Anton Guijarro, David"]
[Black "Korneev, Oleg"]
[Result "1/2-1/2"]
[WhiteElo "2652"]
[BlackElo "2513"]
[Annotator "TA"]
[PlyCount "92"]
[EventDate "2018.08.06"]
[EventType "team-tourn"]
[EventCountry "ESP"]
[SourceTitle "playchess.com"]
[Source "ChessBase"]
[SourceQuality "1"]

{[%evp 30,92,10,0,13,0,0,0,13,13,10,11,15,15,15,18,68,44,57,8,60,4,2,0,0,0,0,0,0,0,0,-21,0,0,8,16,14,16,16,15,16,0,0,0,0,0,5,5,5,5,8,8,7,0,0,0,0,0,0,0,0,0,0,0,8]} 1. d4 d5 2. c4 e6 3. Nf3 Nf6 4. Nc3 Be7 5. Bg5 h6 6. Bxf6 Bxf6 7. e3 O-O 8. Rc1 c6 9. Bd3 Nd7 10. O-O dxc4 11. Bxc4 e5 12. h3 exd4 13. exd4 Nb6 14. Bb3 Re8 15. Re1 Bf5 16. g4 {LiveBook: 6 Partien. D55: Damengambit (Hauptvariante, Abweichungen - Alte Lasker-Variante, etc.)} Bg6 17. Rxe8+ Qxe8 18. Qd2 Qd7 19. Re1 $146 ({Vorgänger:} 19. Qf4 Re8 20. Rd1 Nd5 21. Bxd5 cxd5 22. Ne5 Qe6 23. Nxg6 fxg6 24. Qc7 Rf8 25. Qxb7 {½-½ (25) Moskalenko,V (2475)-Khalifman,A (2530) Riga 1988}) 19... a5 {[%cal Ba7a5,Ba5a4][%mdl 32]} 20. a3 a4 21. Ba2 Rd8 22. Qf4 Qd6 23. Qxd6 Rxd6 24. Re8+ $1 Kh7 25. Rb8 (25. h4 $1 $14) 25... Rd7 $11 {Die Stellung ist ausgeglichen.} 26. Kg2 Bc2 27. h4 g5 28. hxg5 hxg5 29. Ne2 Nd5 30. Ne5 Bxe5 (30... Re7 {is more complex.} 31. Bxd5 cxd5 32. Rc8 Bb3 33. Rb8 Bg7) 31. dxe5 Bd1 32. Bxd5 Bxe2 {[%mdl 4096] Endspiel KTL-KTL} 33. e6 fxe6 34. Bxe6 Re7 35. Bf5+ Kg7 36. Rd8 Bc4 37. Kg3 Bf7 (37... Re2 {feels hotter.} 38. Rd7+ Kf6 39. Rxb7 Bb5 40. f4 Re3+) 38. Rd7 Rxd7 39. Bxd7 {KL-KL} Kf6 40. f4 Bd5 41. fxg5+ Kxg5 42. Kf2 Kf4 43. Bc8 c5 44. Ke2 Bc4+ 45. Kd2 b5 46. Bd7 Ke5 {Precision: Weiß = 72%, Schwarz = 60%.} 1/2-1/2

[Event "ESP-chT Div Honor 2018"]
[Site "Linares"]
[Date "2018.08.10"]
[Round "5"]
[White "Kuzubov, Yuriy"]
[Black "Leko, Peter"]
[Result "1/2-1/2"]
[WhiteElo "2647"]
[BlackElo "2691"]
[Annotator "TA"]
[PlyCount "89"]
[EventDate "2018.08.06"]
[EventType "team-tourn"]
[EventCountry "ESP"]
[SourceTitle "playchess.com"]
[Source "ChessBase"]
[SourceQuality "1"]

{[%evp 21,89,12,21,8,10,9,16,7,0,-7,10,0,0,0,0,0,0,0,0,0,0,0,11,-14,0,0,0,0,-17,-10,0,0,0,0,0,0,0,0,0,0,0,0,0,0,0,0,0,0,0,0,0,0,0,0,0,0,0,0,0,0,0,-17,-17,-17,-17,-17,-17,-17,-17,-302]} 1. e4 e5 2. Nf3 Nc6 3. Bb5 Nf6 4. O-O Nxe4 5. Re1 Nd6 6. Nxe5 Be7 7. Bf1 Nf5 {C67: Spanische Partie (Berliner Verteidigung)} (7... Nxe5 8. Rxe5 O-O 9. d4 Bf6 10. Re1 Nf5 11. d5 Re8 12. Rxe8+ Qxe8 13. Qd3 d6 14. Nd2 Bg5 15. Nf3 Bxc1 16. Rxc1 Bd7 17. Re1 Qd8 18. Qc4 {1-0 (31) Carlsen,M (2843)-Aronian,L (2764) Stavanger 2018}) 8. c3 Nxe5 9. Rxe5 d6 10. Re1 O-O 11. d4 d5 {LiveBook: 87 Partien. Die Stellung ist ausgeglichen.} 12. Nd2 {[%cal Bb1d2,Bd2f3,Bf3e5][%mdl 32]} c6 13. Nf3 Nd6 14. Ne5 Bf5 {[#]} 15. a4 $146 ({Vorgänger:} 15. Bf4) 15... a5 16. Qb3 Re8 17. Bf4 Bg5 18. Bxg5 Qxg5 19. Re3 Qd8 20. Rae1 Qc7 21. h3 Re7 22. Nf3 Be4 23. Nd2 {f3 ist eine echte Drohung.} Rae8 24. Nxe4 dxe4 25. g4 h5 26. c4 c5 27. dxc5 Qxc5 28. Rd1 Re5 29. Qa3 $1 {[%cal Ra3c5] [#] Schwarz muss nun Dxc5 beachten.} Nxc4 30. Qxc5 $1 Rxc5 31. Rc1 Nxe3 32. Rxc5 Nxf1 33. Kxf1 hxg4 34. hxg4 $11 {[%mdl 4096] Endspiel KT-KT} b6 35. Rb5 Re6 36. Ke2 Kh7 37. b4 axb4 38. Rxb4 Kh6 39. Rb5 g6 40. Ke3 f6 41. f3 exf3+ 42. Kxf3 Rc6 43. a5 bxa5 44. Rxa5 Rc3+ 45. Ke4 $2 {[%mdl 40960] Precision: Weiß = 70%, Schwarz = 71%. . An unexpected result.} (45. Kf2 $11 {und Weiss muss sich keine Sorgen machen.}) 1/2-1/2